Mexican Presidents - Statistics

General Stats
  • This quiz has been taken 416 times
    305 since last reset
  • The average score is 29 of 86
Answer Stats
Term President % Correct
2018 - 2024 Andrés Manuel López Obrador
91%
2024 - Present Claudia Sheinbaum Pardo
86%
2000 - 2006 Vicente Fox
78%
1857 - 1872 Benito Juárez
73%
2012 - 2018 Enrique Peña Nieto
70%
2006 - 2012 Felipe Calderón
70%
1876 Porfirio Díaz
70%
1877 - 1880 Porfirio Díaz
70%
1884 - 1911 Porfirio Díaz
70%
1833 Antonio López de Santa Anna
58%
1833 Antonio López de Santa Anna
58%
1833 Antonio López de Santa Anna
58%
1834 - 1835 Antonio López de Santa Anna
58%
1839 Antonio López de Santa Anna
58%
1841 - 1842 Antonio López de Santa Anna
58%
1843 Antonio López de Santa Anna
58%
1844 Antonio López de Santa Anna
58%
1847 Antonio López de Santa Anna
58%
1847 Antonio López de Santa Anna
58%
1853 - 1855 Antonio López de Santa Anna
58%
1847 Manuel de la Peña y Peña
58%
1848 Manuel de la Peña y Peña
58%
1911 - 1913 Francisco I. Madero
52%
1824 - 1829 Guadalupe Victoria
52%
1982 - 1988 Miguel de la Madrid
51%
1934 - 1940 Lázaro Cárdenas
50%
1988 - 1994 Carlos Salinas de Gortari
48%
1924 - 1928 Plutarco Elías Calles
48%
1994 - 2000 Ernesto Zedillo
47%
1917 - 1920 Venustiano Carranza
46%
1920 - 1924 Álvaro Obregón
44%
1964 - 1970 Gustavo Díaz Ordaz
44%
1970 - 1976 Luis Echeverría
44%
1913 - 1914 Victoriano Huerta
44%
1829 Vicente Guerrero
42%
1920 Adolfo de la Huerta
41%
1841 Francisco Javier Echeverría
41%
1976 - 1982 José López Portillo
39%
1958 - 1964 Adolfo López Mateos
37%
1952 - 1958 Adolfo Ruiz Cortines
34%
1940 - 1946 Manuel Ávila Camacho
34%
1946 - 1952 Miguel Alemán Valdés
32%
1932 - 1934 Abelardo L. Rodríguez
30%
1928 - 1930 Emilio Portes Gil
25%
1872 - 1876 Sebastián Lerdo de Tejada
25%
1930 - 1932 Pascual Ortiz Rubio
22%
1913 Pedro Lascuráin
19%
1833 Valentín Gómez Farías
19%
1833 Valentín Gómez Farías
19%
1833 Valentín Gómez Farías
19%
1833 - 1834 Valentín Gómez Farías
19%
1846 - 1847 Valentín Gómez Farías
19%
1830 - 1832 Anastasio Bustamante
18%
1837 - 1839 Anastasio Bustamante
18%
1839 - 1841 Anastasio Bustamante
18%
1855 - 1857 Ignacio Comonfort
18%
1914 - 1915 Eulalio Gutiérrez
15%
1911 Francisco León de la Barra
15%
1829 José María Bocanegra
15%
1839 Nicolás Bravo
15%
1842 - 1843 Nicolás Bravo
15%
1846 Nicolás Bravo
15%
1855 Juan Álvarez
13%
1880 - 1884 Manuel González Flores
12%
1844 José Joaquín de Herrera
10%
1844 - 1845 José Joaquín de Herrera
10%
1848 - 1851 José Joaquín de Herrera
10%
1836 - 1837 José Justo Corro
10%
1832 - 1833 Manuel Gómez Pedraza
10%
1851 - 1853 Mariano Arista
10%
1835 - 1836 Miguel Barragán
10%
1843 - 1844 Valentín Canalizo
10%
1844 Valentín Canalizo
10%
1876 José María Iglesias
9%
1853 Juan Bautista Ceballos
9%
1853 Manuel María Lombardini
9%
1845 - 1846 Mariano Paredes
9%
1915 Francisco Lagos Cházaro
8%
1846 José Mariano Salas
8%
1876 - 1877 Juan N. Méndez
8%
1832 Melchor Múzquiz
8%
1847 Pedro María de Anaya
8%
1847 - 1848 Pedro María de Anaya
8%
1855 Rómulo Díaz de la Vega
7%
1915 Roque González Garza
7%
1855 Martín Carrera
6%
No matching quizzes found
Score Distribution
Percent of People with Each Score
Percentile by Number Answered
Your Score History
You have not taken this quiz since the last reset